Aplikácia modelu IS-LM v podmienkach SR za roky 1999 až 2007 a prognóza zmien po vstupe do Eurozóny diplomová práca

Salvato in:
Dettagli Bibliografici
Autore principale: Silanič, Peter, 1984-
Ente Autore: Národohospodárska fakulta EU. Katedra hospodárskej politiky
Altri autori: Vincúr, Pavol
Natura: Libro
Lingua:slovacco
Pubblicazione: Bratislava 2009
Tags: Aggiungi Tag
Nessun Tag, puoi essere il primo ad aggiungerne!!

MARC

LEADER 00000nam$a2200000$$$4500
001 0095819
005 20240319123743.3
041 0 |a slo 
044 |a SK 
245 1 0 |a Aplikácia modelu IS-LM v podmienkach SR za roky 1999 až 2007 a prognóza zmien po vstupe do Eurozóny  |b diplomová práca  |c Peter Silanič ; škol. Pavol Vincúr 
264 1 |a Bratislava  |c 2009 
300 |a 65 s. 
100 1 |a Silanič, Peter, 1984- 
700 1 |a Vincúr, Pavol 
710 2 |a Národohospodárska fakulta EU. Katedra hospodárskej politiky